00652nam a2200205 a 450000100060000000300090000600800410001502000150005604000280007108200160009910000360011524500180015126000380016930000110020750000240021865000260024294200120026899900170028095201490029714811CO-ViMGA141112s2004 ck r 000 u spa d a9589005047 aCO-ViMGAbspacCO-ViMGA04aFr863bM1571 aMantilla Trejos, Eduardo91065210aLENCHO ALFARO aBogotá, cImpresor ltda, c1986 a106.p. aEn : Fr Co 863 M15714aNOVELA LLANERA910653 2ddccBK c25299d25299 00102ddc40708008aMEVIECARbMEVIECARd2015-12-04hVolumen. 1 | 11/jun/2009l0oFr863 M157p14811r2015-12-04 00:00:00tEj. 1w2015-12-04yBK